| 000 | 00696nam a2200181Ia 4500 | ||
|---|---|---|---|
| 008 | 100921s9999 xx 000 0 und d | ||
| 082 |
_b31035 _a891.463 थ 98 |
||
| 100 | _aहरकारे अरूण. | ||
| 245 | _aकर्तव्य आणि पैसा. | ||
| 260 |
_bदिलिपराज प्रकाशन,पुणे. _c1998 |
||
| 300 |
_a148 _bमॅजेस्टीक प्रकाशन,पुणे. |
||
| 365 | _b100 | ||
| 520 | _aललित-कादंबरी. | ||
| 630 | _aकर्तव्य आणि पैसा. | ||
| 650 | _aललित-कादंबरी. | ||
| 730 | _aकर्तव्य आणि पैसा. | ||
| 942 | _cBOOK | ||
| 999 |
_c780148 _d780145 |
||